Ôn tập toán cao cấp : (Dùng ôn thi cao học khối các trường khoa học công nghệ)

Enregistré dans:
Détails bibliographiques
Auteur principal: Lê, Trọng Vinh
Format: Livre
Langue:Undetermined
Publié: Hà Nội Bách khoa Hà Nội 2007
Sujets:
Tags: Ajouter un tag
Pas de tags, Soyez le premier à ajouter un tag!
Thư viện lưu trữ: Trung tâm Học liệu Trường Đại học Cần Thơ
LEADER 00690nam a2200217Ia 4500
001 CTU_130949
008 210402s9999 xx 000 0 und d
020 |c 39000 
082 |a 515 
082 |b V312 
100 |a Lê, Trọng Vinh 
245 0 |a Ôn tập toán cao cấp : 
245 0 |b (Dùng ôn thi cao học khối các trường khoa học công nghệ) 
245 0 |c Lê Trọng Vinh và Tống Đình Quỳnh 
260 |a Hà Nội 
260 |b Bách khoa Hà Nội 
260 |c 2007 
650 |a Mathematical analysis 
650 |x Toán học giải tích 
904 |i Giang 
980 |a Trung tâm Học liệu Trường Đại học Cần Thơ